000
00264 a2200109 4500
000
nam a22 7a 4500
005
20260226153640.0
100
_a
Rao, V. Srinivasa
_9
1111247
245
_a
Disadvantaged Tribes in India
260
_b
Rawat
_c
2021
942
_c
TEXL
999
_c
1680297
_d
1680297